Apertura comercial, productividad y recomposición industrial: el caso de Costa Rica/

Na minha lista:
Detalhes bibliográficos
Autor principal: Vargas Alfaro, Leiner Alberto
Formato: Livro
Idioma:Spanish
Tags: Adicionar Tag
Sem tags, seja o primeiro a adicionar uma tag!

MARC

LEADER 00000nam a22000007a 4500
003 cru CIDCACS/IIS
005 20190116145938.0
007 ta
008 190116n cr |||p|r||||||0| ||spa|d
999 |c 42047  |d 42047 
040 |c cru CIDCACS/IIS 
100 1 |9 8207  |a Vargas Alfaro, Leiner Alberto 
245 1 |a Apertura comercial, productividad y recomposición industrial:  |b el caso de Costa Rica/  |c Leiner Alberto Vargas Alfaro 
300 |a 76 páginas:  |b tablas, gráficos 
942 |2 ddc  |c PP 
773 0 |0 42044  |9 2603  |a Universidad Nacional de Costa Rica  |d Heredia, Costa Rica: Editorial Fundación UNA,  |o 18815  |t Serie Política Económica /